000 00334 a2200157 4500
001 171195
020 _a
040 _cMagnum
100 _aChamlian, Regina
240 1 0 _aPescadores de lobisomem
_lpor
245 1 0 _aPescadores de lobisomem
362 0 _a1899
440 1 _aÁtica
697 _aIJ/LENDAS, FOLCLORE
942 _cBK
999 _c171195
_d171195